Konosuke Matsushita

Kniha Johna P. Kottera s názvom Matsushita leadership (s podtitulom Lekcia najpozoruhodnejšieho podnikateľa 20. storočia) priniesla nový uhol pohľadu na japonský fenomén. Americký autor, ktorý sa dlhodobo zaoberá otázkou budovania leadershipu, nepriniesol iba ďalšiu analýzu jednej z japonských metód...

ver descrição completa

Na minha lista:
Detalhes bibliográficos
Autor principal: Kapoun, Jan
Formato: Capítulo de Livro
Idioma:tcheco
Assuntos:
Tags: Adicionar Tag
Sem tags, seja o primeiro a adicionar uma tag!

MARC

LEADER 00000naa a2200000 4500
001 0124056
005 20231213140022.7
041 0 |a cze 
044 |a CZ 
245 1 0 |a Konosuke Matsushita  |c Jan Kapoun 
520 |a Kniha Johna P. Kottera s názvom Matsushita leadership (s podtitulom Lekcia najpozoruhodnejšieho podnikateľa 20. storočia) priniesla nový uhol pohľadu na japonský fenomén. Americký autor, ktorý sa dlhodobo zaoberá otázkou budovania leadershipu, nepriniesol iba ďalšiu analýzu jednej z japonských metód riadenia, ale zobrazil vývoj tovrivého myslenia a vodcovstvo významného podnikateľa a to v súlade s jeho neľahkými skúsenosťami na pozadí politického a hospodárskeho vývoja Japonska v 20. storočí. 
610 2 0 |a manažéri 
610 2 0 |a lídri 
610 2 0 |a podnikatelia 
610 2 0 |a podnikanie 
610 2 0 |a metódy riadenia 
610 2 0 |a Japonsko 
100 1 |a Kapoun, Jan